Τουλούζ-Λωτρέκ

Αποθηκεύτηκε σε:
Λεπτομέρειες βιβλιογραφικής εγγραφής
Κύριος συγγραφέας: D'Ayala Valva, Margherita
Άλλοι συγγραφείς: Auf der Heyde, Alexander
Μορφή: Βιβλίο
Γλώσσα:Greek
Italian
Δημοσίευση: [Αθήνα] : Η Καθημερινή, c2006.
Σειρά:Μεγάλοι ζωγράφοι ; 19
Θέματα:
Ετικέτες: Προσθήκη ετικέτας
Δεν υπάρχουν, Καταχωρήστε ετικέτα πρώτοι!

MARC

LEADER 00000cam a2200000 i 4500
001 1/2274
008 091127s2006 gr | ||| |||| ||gre||
020 |a 9607945948 
035 |l 10105928 
040 |a GR-MyUa  |b gre  |e AACR2 
041 1 |a gre  |h ita  |k spa 
082 7 |a 759.4   |2 (22)  
082 7 |a 700.92   |2 (22)  
100 1 |a D'Ayala Valva, Margherita. 
245 1 0 |a Τουλούζ-Λωτρέκ /   |c κείμενα Margherita d'Ayala Valva και Alexander Auf der Heyde ; εισαγωγή Juan Manuel Bonet.  
260 |a [Αθήνα] :   |b Η Καθημερινή,   |c c2006.  
300 |a 189 σ. :   |b έγχρ. εικ. ;   |c 19 εκ. 
490 1 |a (Μεγάλοι ζωγράφοι ;   |v 19) 
500 |a Προσφορά της εφημερίδας "Η Καθημερινή", Βιβλιοθήκη Τέχνης.  
500 |a Τίτλος πρωτοτύπου: Toulouse-Lautrec.  
504 |a Βιβλιογραφία: σ. 189.  
600 1 0 |a Toulouse-Lautrec, Henri de,   |d 1864-1901. 
650 0 |a Painting, French. 
650 0 |a Painters  |z France. 
700 1 |a Auf der Heyde, Alexander. 
830 0 |a Μεγάλοι ζωγράφοι ;  |v 19 
852 |a INST  |b SAMOS  |e 20100122  |h 759.4 ΤΟΥ  |p 005300030816  |q 005300030816  |t BK  |y 0 
852 |a INST  |b SYROS  |e 20091127  |h 700.92 TOU  |p 005500008041  |q 005500008041  |t BK  |y 0 
901 |a BIBL3-2010-1 
901 |a BIBL5-2009-3 
970 |a Κοντού  |b Παρασκευή  |z 27/11/2009